[Event "19th Czech Chladek & Tintera A Open"]
[Site "Pardubice CZE"]
[Date "2008.07.19"]
[Round "2"]
[White "Szoen,D"]
[Black "Przezdziecka,M"]
[Result "1-0"]
[WhiteElo "2477"]
[BlackElo "2281"]

1.e4 c5 2.Nf3 Nc6 3.Nc3 d6 4.d4 cxd4 5.Nxd4 Nf6 6.Bc4 e6 7.Be3 Be7 8.Qe2 O-O
9.O-O-O Bd7 10.Bb3 Na5 11.g4 Nxb3+ 12.axb3 Qa5 13.Kb1 Rfc8 14.f3 Rab8 15.h4 b5
16.h5 b4 17.Na4 Bxa4 18.bxa4 Qxa4 19.g5 Nd7 20.g6 Ne5 21.gxf7+ Kxf7 22.b3 Qa5
23.f4 Rb6 24.Bc1 Nc6 25.Nxe6 Ra6 26.Bb2 Qa2+ 27.Kc1 Na5 28.Nd4 Nxb3+ 29.Nxb3 Qxb3
30.Qd3 Qa4 31.Rhg1 Bf8 32.Rg2 Rac6 33.Kb1 a5 34.h6 g6 35.f5 Bxh6 36.fxg6+ hxg6
37.Rg4  1-0

[Event "Politiken Cup"]
[Site "Helsingor DEN"]
[Date "2008.07.20"]
[Round "2"]
[White "Berg,E"]
[Black "Holst,C"]
[Result "1-0"]
[WhiteElo "2592"]
[BlackElo "2161"]

1.e4 c5 2.Nc3 Nc6 3.Nge2 Nf6 4.d4 cxd4 5.Nxd4 d6 6.Bg5 e6 7.Qd2 Be7 8.O-O-O a6
9.f3 Qc7 10.Kb1 Nxd4 11.Qxd4 b5 12.h4 Bd7 13.Qd2 b4 14.Ne2 a5 15.Nd4 Rb8
16.Bd3 a4 17.g4 O-O 18.Be3 Rfc8 19.h5 a3 20.b3 Qc3 21.Qxc3 Rxc3 22.g5 Ne8
23.f4 Rcc8 24.f5 Nc7 25.Bc4 e5 26.Ne2 Bb5 27.Bxb5 Rxb5 28.c4 Rb7 29.h6 g6
30.f6 Bf8 31.Rd3 Ne6 32.Rhd1 Rbb8 33.Kc2 Rc6 34.Kd2 Rbc8 35.Ng1 Rb8 36.Ke2 Rbc8
37.Nf3 Ra6 38.Ne1 Rb8 39.Kf3 Rc6 40.Rd5 Ra6 41.Rb5 Rc8 42.Nc2  1-0

[Event "Politiken Cup"]
[Site "Helsingor DEN"]
[Date "2008.07.20"]
[Round "3"]
[White "Jensen,Ha"]
[Black "Rasmussen,He2"]
[Result "0-1"]
[WhiteElo "1630"]
[BlackElo "1953"]

1.e4 c5 2.Nc3 Nc6 3.Bb5 Nd4 4.Bc4 e6 5.Nge2 a6 6.Nxd4 cxd4 7.Ne2 b5 8.Bb3 Bc5
9.d3 Ne7 10.O-O O-O 11.Bg5 f6 12.Bh4 Kh8 13.f4 Bb7 14.Qe1 Qe8 15.Bf2 e5 16.f5 d5
17.c3 dxe4 18.dxe4 Nxf5 19.cxd4 Nxd4 20.Nxd4 Bxd4 21.Bxd4 exd4 22.Bd5 Bxd5
23.exd5 Qxe1 24.Raxe1 Rfd8 25.Rf5 Rac8 26.b3 Kg8 27.Rd1 Rc2 28.Rxd4 Rxa2
29.d6 Rc2 30.b4 Rc4 31.Rfd5 Rxd4 32.Rxd4 Rd7 33.Kf2 Kf7 34.Ke3 Ke6 35.Ke4 Rxd6
36.g4 Rxd4+ 37.Kxd4 Kd6 38.h3 Kc6 39.h4 Kb6 40.h5 a5 41.bxa5+ Kxa5 42.h6 gxh6  0-1

[Event "Politiken Cup"]
[Site "Helsingor DEN"]
[Date "2008.07.20"]
[Round "3"]
[White "Hector,J"]
[Black "Christensen,Bo"]
[Result "1-0"]
[WhiteElo "2537"]
[BlackElo "2247"]

1.e4 c5 2.Nf3 Nc6 3.Nc3 e5 4.Bc4 Be7 5.d3 Nf6 6.Nd2 a6 7.a3 d6 8.Nf1 Bg4
9.f3 Be6 10.Ne3 O-O 11.O-O b5 12.Ba2 Rc8 13.g3 Qb6 14.Kh1 Kh8 15.Bd2 Rfd8
16.f4 Qb7 17.Ncd5 c4 18.Nxf6 Bxf6 19.f5 Bd7 20.Nd5 Ne7 21.Nxf6 gxf6 22.Qh5 d5
23.Qxf7 Ng8 24.Bh6 Nxh6 25.Qxf6+ Kg8 26.Qxh6 dxe4 27.dxc4 bxc4 28.Qg5+ Kf7
29.f6 e3+ 30.Kg1 e2 31.Qh5+ Kf8 32.Qh6+ Kf7 33.Qxh7+ Ke6 34.Rf2 Qxb2 35.Re1 Qd4
36.c3 Qxc3 37.Rfxe2 Qd4+ 38.Kf1 Kd6 39.Re4 Qd3+ 40.Kg1 Re8 41.f7 Re6 42.Bxc4  1-0

[Event "Politiken Cup"]
[Site "Helsingor DEN"]
[Date "2008.07.20"]
[Round "3"]
[White "Klein,Fe"]
[Black "Petkidis,A"]
[Result "1-0"]
[WhiteElo "2241"]
[BlackElo "2073"]

1.e4 c5 2.Nf3 Nc6 3.Nc3 d6 4.d4 cxd4 5.Nxd4 Nf6 6.Bg5 e6 7.Qd2 Be7 8.O-O-O O-O
9.f3 a6 10.h4 Qb6 11.Be3 Qc7 12.g4 b5 13.g5 Nd7 14.Kb1 Bb7 15.h5 Nxd4 16.Qxd4 Ne5
17.h6 f6 18.hxg7 Kxg7 19.gxf6+ Rxf6 20.Be2 Nc6 21.Qd2 Rg6 22.Bd3 Ne5 23.Bd4 Bf6
24.f4 Nxd3 25.Bxf6+ Rxf6 26.Qxd3 e5 27.Qh3 Kf8 28.fxe5 dxe5 29.Rd7 Bc8 30.Qh4 Qxd7
31.Qxf6+ Ke8 32.Qh8+  1-0

[Event "17th ch-MKD"]
[Site "Struga MKD"]
[Date "2008.07.20"]
[Round "7"]
[White "Popov,Ve"]
[Black "Petkovski,V"]
[Result "1-0"]
[WhiteElo "2389"]
[BlackElo "2185"]

1.e4 c5 2.Ne2 Nc6 3.Nbc3 e5 4.Nd5 Nge7 5.Nec3 a6 6.a4 d6 7.Bc4 Nxd5 8.Nxd5 Be6
9.d3 Rb8 10.c3 Be7 11.O-O O-O 12.f4 exf4 13.Bxf4 Ne5 14.Bb3 Bg5 15.Qd2 Bxf4
16.Rxf4 Qg5 17.Raf1 b5 18.axb5 axb5 19.d4 c4 20.dxe5 dxe5 21.Rxf7 Qxd2 22.Rxf8+  1-0

[Event "XIII Open"]
[Site "Balaguer ESP"]
[Date "2008.07.21"]
[Round "8"]
[White "Ramon Perez,J"]
[Black "Danelia,M"]
[Result "1/2-1/2"]
[WhiteElo "2311"]
[BlackElo "2185"]

1.e4 c5 2.Nc3 Nc6 3.Bb5 Nd4 4.Bc4 e6 5.Nge2 a6 6.Nxd4 cxd4 7.Ne2 b5 8.Bb3 Bb7
9.d3 Bc5 10.O-O Ne7 11.c3 dxc3 12.bxc3 f5 13.d4 Bb6 14.d5 fxe4 15.Nf4 O-O
16.dxe6 d5 17.Qg4 Qd6 18.Be3 Bxe3 19.fxe3 Qc5 20.Nh5 Qxe3+ 21.Kh1 Qh6 22.Rf7 Rxf7
23.exf7+ Kf8 24.Rf1 Rd8 25.Nf4 Bc8 26.Qe2 Rd6 27.Kg1 Qh4 28.Qe3 Rh6 29.h3 Rd6
30.Qc5 Rc6 31.Qb4 Rf6 32.Nxd5 Rxf1+ 33.Kxf1 a5 34.Qd6 a4 35.Nxe7 Qxe7 36.Qxe7+ Kxe7
37.Bd5 Bf5 38.Ke2 Bg6 39.Ke3 Bxf7 40.Bxf7 Kxf7 41.Kxe4 Ke6 42.Kd4 Kd6 43.a3 g5
44.c4 bxc4 45.Kxc4 Ke5 46.Kb4 Kf4 47.Kxa4 Kg3 48.Kb4 Kxg2 49.a4 Kxh3 50.a5 g4
51.a6 g3 52.a7 g2 53.a8=Q g1=Q 54.Qf3+ Kh4 55.Qf6+ Qg5 56.Qf2+ Kh5 57.Kc3 Kg6
58.Qb6+ Kh5 59.Qe6 Qg7+ 60.Kd2  1/2-1/2

[Event "19th Czech Chladek & Tintera A Open"]
[Site "Pardubice CZE"]
[Date "2008.07.21"]
[Round "4"]
[White "Petr,Ma"]
[Black "Chuprov,D"]
[Result "0-1"]
[WhiteElo "2451"]
[BlackElo "2577"]

1.e4 c5 2.Nf3 Nc6 3.Nc3 g6 4.d4 cxd4 5.Nxd4 Bg7 6.Be3 Nf6 7.Bc4 O-O 8.Bb3 d6
9.f3 Bd7 10.Qd2 Nxd4 11.Bxd4 b5 12.h4 a5 13.h5 a4 14.Bxf6 exf6 15.Bd5 b4
16.Ne2 f5 17.hxg6 hxg6 18.Bxa8 Qxa8 19.Qxb4 fxe4 20.O-O Qa7+ 21.Rf2 exf3
22.gxf3 Rb8 23.Qxd6 a3 24.Rb1 axb2 25.Kg2 Be6  0-1

[Event "17th ch-MKD"]
[Site "Struga MKD"]
[Date "2008.07.21"]
[Round "8"]
[White "Menkinoski,R"]
[Black "Vasovski,N"]
[Result "0-1"]
[WhiteElo "2288"]
[BlackElo "2325"]

1.e4 c5 2.Nc3 Nc6 3.Nf3 Nf6 4.d4 cxd4 5.Nxd4 e5 6.Nf5 d5 7.exd5 Bxf5 8.dxc6 Qxd1+
9.Nxd1 bxc6 10.Ne3 Be6 11.Nc4 Nd7 12.Be3 Bb4+ 13.c3 Be7 14.Be2 O-O 15.O-O f6
16.Na5 Rfc8 17.Rfd1 Nb6 18.Bf3 Bd5 19.Bg4 Rc7 20.b3 Kf7 21.c4 Be4 22.Be2 Bc2
23.Rd2 Be4 24.f3 Bf5 25.c5 Nd5 26.Bc4 Be6 27.Bf2 Nf4 28.Rad1 Bxc4 29.Nxc4 Ke6
30.b4 Nd5 31.a3 Nc3 32.Rc1 Nd5 33.Na5 Rac8 34.Nb3 Rd7 35.g3 g5 36.Na5 Bd8
37.Nc4 Bc7 38.Rd3 Rcd8 39.Rcd1 Nc3 40.Rxd7 Rxd7 41.Rxd7 Kxd7 42.Be1 Nb5 43.Kf2 Ke6
44.Ke3 f5 45.Kd3 Nd4 46.Nd2 Nxf3 47.Nxf3 e4+ 48.Ke2 exf3+ 49.Kxf3 g4+ 50.Ke3 Kd5
51.Kd3 h5 52.Bf2 a6 53.Be3 Be5 54.a4 Bc7 55.Bd2 Bb8 56.Be3 Be5 57.Bd2 Bd4
58.Be3 Bf6 59.Bf2 Bg5 60.a5 f4 61.gxf4 Bxf4 62.Bg3 Be5 63.Bxe5 Kxe5  0-1

[Event "31st Taminco Open"]
[Site "Ghent BEL"]
[Date "2008.07.22"]
[Round "8"]
[White "Larmuseau,Ma"]
[Black "Cools,G"]
[Result "0-1"]
[WhiteElo "2092"]
[BlackElo "2327"]

1.e4 c5 2.Nc3 Nc6 3.Bb5 Nd4 4.Bc4 e6 5.Nge2 Ne7 6.O-O a6 7.a4 Nec6 8.d3 Be7
9.Nxd4 cxd4 10.Ne2 O-O 11.Bb3 b6 12.Bd2 Bb7 13.Qe1 Kh8 14.f4 f5 15.Ng3 Bh4
16.Rf3 Qc7 17.Qe2 Rae8 18.Nh1 g6 19.Rh3 Bf6 20.Re1 fxe4 21.dxe4 d3 22.Qxd3 Bxb2
23.c3 Ba3 24.Ng3 Bc5+ 25.Kh1 Qd6 26.Qe2 Ne7 27.Bc2 Qc6 28.Qg4 Rf7 29.Re2 Ref8
30.e5 Kg8 31.Ne4 Nf5 32.Nf6+ Rxf6 33.exf6 Rxf6 34.Be1 Rf7 35.Be4 Qc7 36.Bxb7 Qxb7
37.Qf3 Qc7 38.Qd3 d5 39.Rf3 Nd6 40.Bf2 Bxf2 41.Rfxf2 Ne4 42.Rf3 Qc6 43.Qxa6 Nxc3
44.Rc2 d4 45.Qb5 Qe4 46.Qd3 Qxd3 47.Rxd3 Rxf4 48.Kg1 e5  0-1

[Event "1st Open"]
[Site "Paleochora GRE"]
[Date "2008.07.22"]
[Round "3"]
[White "Roy Chowdhury,S"]
[Black "Oleksienko,M"]
[Result "1-0"]
[WhiteElo "2411"]
[BlackElo "2588"]

1.e4 c5 2.Nc3 Nc6 3.Nf3 Nf6 4.Bb5 Qc7 5.d3 Nd4 6.Ba4 e6 7.Nxd4 cxd4 8.Ne2 Qa5+
9.c3 b5 10.Bb3 dxc3 11.bxc3 Bb7 12.O-O Be7 13.Bd2 Qc7 14.Nd4 a6 15.Qe2 O-O
16.f4 Bc5 17.Kh1 Rac8 18.Nf3 Ba3 19.Rab1 Rfe8 20.Ng5 h6 21.Nh3 Qc6 22.Rf3 a5
23.Rg3 a4 24.Bc2 Bf8 25.e5 Nd5 26.d4 b4 27.Qh5 f5 28.Qxh6 Nxc3 29.Qh5 Ne2
30.Qxe2 Qxc2 31.Rg1 Rc3 32.Qh5 Rxg3 33.hxg3 Re7 34.Qg6  1-0

[Event "19th Czech Jihlavanka B Open"]
[Site "Pardubice CZE"]
[Date "2008.07.22"]
[Round "5"]
[White "Van Assendelft,F"]
[Black "Yuffa,D"]
[Result "0-1"]
[WhiteElo "2227"]
[BlackElo "2109"]

1.e4 c5 2.Nf3 Nc6 3.Nc3 d6 4.d4 cxd4 5.Nxd4 Nf6 6.Bg5 Bd7 7.Qd2 Rc8 8.O-O-O Nxd4
9.Qxd4 Qa5 10.f4 Rxc3 11.bxc3 e5 12.Qb4 Qxb4 13.cxb4 Nxe4 14.Re1 Nxg5 15.fxg5 Be7
16.h4 h6 17.gxh6 Rxh6 18.h5 Bg5+ 19.Kd1 Rf6 20.Be2 Rf4 21.a3 Rd4+ 22.Bd3 Bg4+
23.Re2 Kf8 24.Ke1 Bxe2  0-1

[Event "19th Czech Jihlavanka B Open"]
[Site "Pardubice CZE"]
[Date "2008.07.22"]
[Round "5"]
[White "Sinelnikov,I"]
[Black "Tolstikh,N"]
[Result "0-1"]
[WhiteElo "2159"]
[BlackElo "2381"]

1.e4 c5 2.Nf3 Nc6 3.Nc3 e6 4.g3 d5 5.d3 Nf6 6.Bg5 d4 7.Ne2 h6 8.Bxf6 Qxf6
9.Bg2 e5 10.O-O g5 11.Nd2 Bd6 12.Nc4 Bc7 13.a4 Be6 14.b3 h5 15.h3 h4 16.g4 O-O
17.Kh1 a6 18.Qc1 Qe7 19.c3 f6 20.cxd4 cxd4 21.Ng1 Ba5 22.Rb1 Rfc8 23.Ne2 b5
24.Nxa5 Nxa5 25.Qd1 Qb4 26.axb5 Bxb3 27.Ng1 axb5 28.Qf3 Kg7 29.Qf5 Qe7 30.f4 Be6
31.fxg5 Bxf5 32.exf5 Rab8 33.gxf6+ Qxf6 34.Be4 Nb7 35.Nf3 Nc5 36.g5 Qd6 37.f6+ Kh8
38.Rbe1 Qe6 39.Kg2 Nd7 40.Nxh4 Rg8 41.Kh2 Rxg5 42.Ng6+ Rxg6 43.Bxg6 Nxf6
44.Bf5 Qd6 45.Be4  0-1

[Event "19th Czech Chladek & Tintera A Open"]
[Site "Pardubice CZE"]
[Date "2008.07.22"]
[Round "5"]
[White "Neuman,P"]
[Black "Dragicevic,Draz"]
[Result "1/2-1/2"]
[WhiteElo "2444"]
[BlackElo "2302"]

1.e4 c5 2.Nc3 Nc6 3.Bb5 Nd4 4.Bc4 g6 5.Nf3 d6 6.Nxd4 cxd4 7.Qf3 Nf6 8.Nd5 Nxd5
9.Bxd5 e6 10.Bb3 Bg7 11.h4 h5 12.d3 Bd7 13.Bg5 Qa5+ 14.Kf1 Ba4 15.Bd2 Qb5
16.Ke2 Bxb3  1/2-1/2

[Event "17th ch-MKD"]
[Site "Struga MKD"]
[Date "2008.07.22"]
[Round "9"]
[White "Organdziev,O"]
[Black "Veleski,R"]
[Result "1-0"]
[WhiteElo "2274"]
[BlackElo "2248"]

1.e4 c5 2.Nf3 Nc6 3.Nc3 g6 4.h4 Bg7 5.h5 d6 6.Bc4 Nf6 7.h6 Bf8 8.d4 Bg4 9.d5 Nd4
10.Be3 e5 11.dxe6 Nxe6 12.Bb5+ Nd7 13.e5 Be7 14.exd6 Bf6 15.Bxd7+ Kxd7 16.Qd5 Qb6
17.O-O-O Bxc3 18.bxc3 Bxf3 19.Qxf3 f5 20.Rhe1 Rae8 21.g3 Qc6 22.Qe2 Qa4 23.Kb1 Rhf8
24.Qd3 Rc8 25.Bg5 Rfe8 26.Be7 Rc6 27.Qd5 Rb6+ 28.Kc1 Qa3+ 29.Kd2 Rxe7 30.dxe7+ Kxe7
31.Rb1 Qa6 32.Rxe6+ Rxe6 33.Qxb7+ Kf6 34.Qxa6 Rxa6 35.Rb7 g5 36.Rxh7 Kg6
37.Rc7 Kxh6 38.Rxc5 Kg6  1-0

[Event "83rd ch-ARG s/f"]
[Site "Buenos Aires ARG"]
[Date "2008.07.23"]
[Round "3"]
[White "Pierrot,F"]
[Black "Di Benedetto,G"]
[Result "1-0"]
[WhiteElo "2421"]
[BlackElo "2300"]

1.e4 c5 2.Nf3 Nc6 3.Nc3 e5 4.Bc4 Be7 5.d3 d6 6.Nd2 Bg5 7.h4 Bxd2+ 8.Bxd2 Nf6
9.Bg5 h6 10.Bxf6 Qxf6 11.Nd5 Qd8 12.g4 Be6 13.f3 b5 14.Bxb5 Bxd5 15.Ba4 O-O
16.exd5 Ne7 17.Qd2 Ng6 18.h5 Nf4 19.O-O-O Rb8 20.Bb3 a5 21.c3 Qg5 22.Kb1 Rb6
23.Qe3 Rfb8 24.Rh2 a4 25.Bxa4 Nxd5 26.Qxg5 hxg5 27.Bb3 Rxb3 28.axb3 Rxb3
29.Kc2 Rb6 30.Re1 Kh7 31.Rd2 Rb7 32.Rdd1 f5 33.Ra1 f4 34.Ra6 Ne3+ 35.Kc1 Rd7
36.Kd2 Rb7 37.Rb1 d5 38.Re6 e4 39.dxe4 d4 40.cxd4 cxd4 41.b4 Rc7 42.Kd3 Nc2
43.Rb3 Na1 44.Rb2 Rc3+ 45.Kxd4 Rxf3 46.b5 Nb3+ 47.Kd5 Na5 48.b6 Rd3+ 49.Kc5 Nb7+
50.Kc4 Rd1 51.Re7 Nd6+ 52.Kc5 f3 53.b7 Nxb7+ 54.Rexb7  1-0

[Event "ZMD Open"]
[Site "Dresden GER"]
[Date "2008.07.23"]
[Round "5"]
[White "Fedorchuk,S"]
[Black "Horvath,P1"]
[Result "1/2-1/2"]
[WhiteElo "2624"]
[BlackElo "2490"]

1.e4 c5 2.Nf3 Nc6 3.Nc3 Nf6 4.Bb5 g6 5.h3 Bg7 6.e5 Ng8 7.Bxc6 dxc6 8.d3 Nh6
9.Be3 b6 10.g4 f5 11.exf6 exf6 12.d4 cxd4 13.Nxd4 c5 14.Ndb5 O-O 15.Qf3 Be6
16.Rd1 Qe7 17.O-O Nf7 18.Rfe1 a6 19.Na3 f5 20.Bf4 fxg4 21.Qe3 Qf6 22.Qxe6 Qxf4
23.Nd5 Qg5 24.hxg4 Rae8 25.Qxe8 Qxg4+ 26.Kf1 Qh3+ 27.Kg1 Qg4+ 28.Kf1 Qh3+
29.Kg1  1/2-1/2

[Event "ZMD Open"]
[Site "Dresden GER"]
[Date "2008.07.23"]
[Round "5"]
[White "Heberla,B"]
[Black "Stabolewski,A"]
[Result "1-0"]
[WhiteElo "2510"]
[BlackElo "2282"]

1.e4 c5 2.Nc3 Nc6 3.Bb5 Na5 4.a4 a6 5.Be2 e6 6.Nf3 Qc7 7.O-O d6 8.d4 cxd4
9.Nxd4 Be7 10.f4 Nf6 11.Kh1 Nc6 12.Be3 O-O 13.Qe1 Bd7 14.Qg3 Rac8 15.Bd3 Nb4
16.a5 Nh5 17.Qf3 g6 18.f5 e5 19.Nde2 f6 20.Nd5 Nxd5 21.exd5 Ng7 22.fxg6 f5
23.Bb6 Qb8 24.gxh7+ Kh8 25.Qh3 Rf7 26.Be3 Rcf8 27.Bh6 Qc8 28.c4 f4 29.Qf3 Bh4
30.Bg6 Rf6 31.Bxg7+ Kxg7 32.Be4 Rh6 33.Qd3 Kh8 34.g3 Bg5 35.gxf4 Rh3 36.Rf3 Rxf3
37.Qxf3 Bg4 38.Qg2 Qxc4 39.Rc1 Qxe2 40.Qxe2 Bxe2 41.fxg5 Rf1+ 42.Rxf1 Bxf1
43.h4 Be2 44.Kg2 Kg7 45.Kf2 Bd1 46.b4 Bh5 47.Bf5 Bf7 48.g6 Bxd5 49.h5  1-0

[Event "1st Open"]
[Site "Paleochora GRE"]
[Date "2008.07.23"]
[Round "4"]
[White "Orlov,And"]
[Black "Roy Chowdhury,S"]
[Result "1/2-1/2"]
[WhiteElo "2501"]
[BlackElo "2411"]

1.e4 c5 2.Nf3 Nc6 3.Nc3 g6 4.Bb5 Bg7 5.O-O e5 6.Bxc6 bxc6 7.d3 Ne7 8.a3 O-O
9.Be3 d6 10.b4 f5 11.Bg5 cxb4 12.axb4 h6 13.Bxe7 Qxe7 14.b5 cxb5 15.Nxb5 Be6
16.Re1 a6 17.Na3 d5 18.exd5 Bxd5 19.c4 Bxf3 20.gxf3 Rad8 21.Nc2 e4 22.d4 Bxd4
23.Nxd4 Qf6 24.Qa4 Rxd4 25.Qxa6 exf3 26.Qxf6 Rxf6 27.Re3 Rxc4 28.Ra8+ Kg7
29.Ra7+ Rf7 30.Rxf7+ Kxf7 31.Rxf3  1/2-1/2

[Event "19th Czech Jihlavanka B Open"]
[Site "Pardubice CZE"]
[Date "2008.07.23"]
[Round "6"]
[White "Kiselev,Al"]
[Black "Al Sulaiti,G"]
[Result "0-1"]
[WhiteElo "2121"]
[BlackElo "2135"]

1.e4 c5 2.Nf3 Nc6 3.Nc3 g6 4.d4 cxd4 5.Nxd4 Bg7 6.Be3 Nf6 7.Bc4 d6 8.h3 O-O
9.O-O Nxd4 10.Bxd4 Be6 11.Bxe6 fxe6 12.Re1 e5 13.Be3 Qd7 14.Qd3 Nh5 15.Rad1 Kh8
16.Kh2 h6 17.Qb5 Qe6 18.Nd5 Rac8 19.c4 b6 20.a4 g5 21.a5 bxa5 22.Bxa7 g4
23.h4 g3+ 24.fxg3 Qg4 25.Qb3 e6 26.Nb6 Rc7 27.Rxd6 Rxa7 28.c5 Raf7 29.Rd3 Rf2
30.Qd1 Qxd1 31.Rexd1 Rxb2 32.R3d2 Rb4 33.Rc2 Nf6 34.c6 Ng4+  0-1

[Event "19th Czech Chladek & Tintera A Open"]
[Site "Pardubice CZE"]
[Date "2008.07.23"]
[Round "6"]
[White "Petr,Ma"]
[Black "Kanarek,M"]
[Result "1/2-1/2"]
[WhiteElo "2451"]
[BlackElo "2349"]

1.e4 c5 2.Nf3 Nc6 3.Nc3 g6 4.d4 cxd4 5.Nxd4 Bg7 6.Be3 Nf6 7.Nxc6 bxc6 8.e5 Ng8
9.Bd4 Nh6 10.e6 O-O 11.Bxg7 Kxg7 12.Qd4+ f6 13.exd7 Qxd7 14.Qxd7 Bxd7 15.O-O-O Rfd8
16.Be2 e5 17.Rd2 Be6 18.Rhd1 Nf7 19.Bf3 Rxd2 20.Rxd2 Rc8 21.Ne4 c5 22.Nd6 Nxd6
23.Rxd6 Kf7 24.Bd5 Bxd5 25.Rxd5 Ke6 26.c4 h5 27.h4 Rc6 28.Kc2 a6 29.b3 Kf5
30.Kd3 Kf4 31.Ke2 a5 32.g3+ Kf5 33.Kf3 a4 34.bxa4 Ra6 35.Rxc5 Rxa4 36.Rc8 Ra3+
37.Kg2 Rxa2 38.Rc6 Rc2 39.Kf3 Rc3+ 40.Ke2 Rc2+ 41.Ke3 Rc3+ 42.Ke2 Rc2+ 43.Ke3 Rc3+
44.Ke2 Rc2+  1/2-1/2

[Event "19th Czech Chladek & Tintera A Open"]
[Site "Pardubice CZE"]
[Date "2008.07.23"]
[Round "6"]
[White "Siebarth,R"]
[Black "Vocaturo,D"]
[Result "0-1"]
[WhiteElo "2284"]
[BlackElo "2417"]

1.Nc3 c5 2.e4 Nc6 3.Bb5 Nd4 4.Bc4 e6 5.Nge2 Nf6 6.O-O a6 7.a4 Nxe4 8.Nxe4 d5
9.Bd3 dxe4 10.Bxe4 Be7 11.c3 Nf5 12.b3 O-O 13.Ba3 Qc7 14.f4 Rd8 15.Qe1 Rb8
16.d4 b5 17.axb5 Rxb5 18.Bxf5 exf5 19.Nc1 Rb6 20.Bxc5 Bxc5 21.dxc5 Qxc5+
22.Qf2 Qc7 23.Ra2 Bb7 24.Rd2 Rg6 25.g3 h5 26.h4 Rxd2  0-1

[Event "Dutch Open"]
[Site "Dieren NED"]
[Date "2008.07.24"]
[Round "3"]
[White "De Jong,M"]
[Black "Wiersma,E"]
[Result "1/2-1/2"]
[WhiteElo "2324"]
[BlackElo "2419"]

1.e4 c5 2.Nf3 Nc6 3.Nc3 g6 4.d4 cxd4 5.Nxd4 Bg7 6.Be3 Nf6 7.Bc4 O-O 8.Bb3 d6
9.f3 Bd7 10.Qd2 Nxd4 11.Bxd4 b5 12.O-O a5 13.a4 bxa4 14.Bxa4 Rb8 15.Bxd7 Nxd7  1/2-1/2

[Event "XXVI Andorra Open"]
[Site "La Massana AND"]
[Date "2008.07.24"]
[Round "6"]
[White "Cabezas Ayala,I"]
[Black "De la Riva Aguado,O"]
[Result "1/2-1/2"]
[WhiteElo "2336"]
[BlackElo "2542"]

1.e4 c5 2.Nf3 Nc6 3.Nc3 g6 4.d4 cxd4 5.Nxd4 Bg7 6.Nb3 Nf6 7.Be2 O-O 8.O-O d6
9.Bg5 a6 10.f4 b5 11.Bf3 Bb7 12.Kh1 Nd7 13.Rb1 Re8 14.Nd5 f6 15.Bh4 e6 16.Ne3 g5
17.Bg3 gxf4 18.Bxf4 Nde5 19.Bh5 Rf8 20.c3 Qe7 21.Bg3 Rad8 22.Nd4 Kh8 23.Qb3 Nc4
24.Nxc4 bxc4 25.Nxc6 Bxc6 26.Qc2 f5 27.exf5 exf5 28.Rbe1 Be4 29.Qd2 d5 30.Bf2 Rg8
31.Bf3 Qb7 32.Be3 Bd3 33.Rf2 Rde8 34.Be2 Be4 35.Bf3 Bd3 36.Be2 Be4 37.Bf3 Bd3  1/2-1/2

[Event "XXVI Andorra Open"]
[Site "La Massana AND"]
[Date "2008.07.24"]
[Round "6"]
[White "De la Villa Garcia,J"]
[Black "Calzetta,M"]
[Result "1-0"]
[WhiteElo "2458"]
[BlackElo "2264"]

1.e4 c5 2.Nf3 Nc6 3.Nc3 g6 4.d4 cxd4 5.Nxd4 Bg7 6.Be3 Nf6 7.Bc4 d6 8.f3 Bd7
9.Bb3 O-O 10.h4 Nxd4 11.Bxd4 b5 12.h5 a5 13.Nd5 e6 14.Bb6 Qe8 15.Nc7 Qb8
16.Nxa8 a4 17.hxg6 hxg6 18.Bc7 Qxa8 19.Bxd6 Rc8 20.Be5 Qa7 21.c3 axb3 22.axb3 Qe3+
23.Qe2 Qxe2+ 24.Kxe2 Nxe4 25.Bxg7 Ng3+ 26.Ke3 Kxg7 27.Rhd1 Bc6 28.Ra6 Bd5
29.b4 Rb8 30.Ra7 g5 31.Rda1 Nf5+ 32.Kf2 Nd6 33.Rc7 Rb6 34.Ra3 Nc4 35.Raa7 e5
36.Rc5 Be6 37.b3 Nd6 38.Rxe5 Kf6 39.Rc5 Bxb3 40.Rac7 Be6 41.R7c6 Rxc6 42.Rxc6 Ke7
43.Ke3 Bc4 44.Ra6 Nf5+ 45.Ke4 Ng3+ 46.Ke5 Ne2 47.Ra7+ Kd8 48.Ra3 Nf4 49.g3 Nd5
50.Kf5 f6 51.Ra7 Be2 52.Ke6 Bxf3 53.Rd7+ Kc8 54.Rxd5 Bxd5+ 55.Kxd5 f5 56.Ke5 f4
57.gxf4 gxf4 58.Kxf4 Kc7 59.Ke5 Kc6 60.Ke6  1-0

[Event "1st Open"]
[Site "Paleochora GRE"]
[Date "2008.07.24"]
[Round "5"]
[White "Kokolias,K"]
[Black "Siebrecht,S"]
[Result "0-1"]
[WhiteElo "2197"]
[BlackElo "2453"]

1.Nc3 c5 2.e4 Nc6 3.Nge2 g6 4.d4 cxd4 5.Nxd4 Bg7 6.Nb3 Nf6 7.Be2 O-O 8.O-O d6
9.Be3 a6 10.a4 Be6 11.f4 Rc8 12.Bf3 Bc4 13.Rf2 e5 14.Rd2 Ne8 15.f5 Bxb3 16.cxb3 Nd4
17.Bg4 Rb8 18.Nd5 Nc7 19.Nxc7 Qxc7 20.a5 Qe7 21.Rc1 Bf6 22.fxg6 hxg6 23.Be2 Bg5
24.Bxg5 Qxg5 25.Bc4 Qe3+ 26.Rf2 Qxe4 27.Qf1 Ne6 28.Rxf7 d5 29.Rxf8+ Rxf8
30.Qd3 Qf4 31.Qxg6+ Kh8 32.Rf1 Qe3+ 33.Kh1 dxc4 34.Qh5+ Kg7 35.Qg4+ Qg5 36.Qxg5+ Nxg5
37.Rxf8 Kxf8 38.bxc4 Ne4 39.b4 Nd2 40.c5 Nb3 41.g4 Nd4 42.Kg2 Nc6 43.Kf3 Kg7
44.Ke4 Kf6 45.h4 Nxb4 46.g5+ Ke6 47.h5 Nc6 48.h6 Ne7  0-1

[Event "19th Czech Chladek & Tintera A Open"]
[Site "Pardubice CZE"]
[Date "2008.07.24"]
[Round "7"]
[White "Neuman,P"]
[Black "Strunski,A"]
[Result "1/2-1/2"]
[WhiteElo "2444"]
[BlackElo "2294"]

1.e4 c5 2.Nc3 Nc6 3.Bb5 Nd4 4.Bc4 e6 5.Nf3 a6 6.d3 b5 7.Bb3 Nxb3 8.axb3 Bb7
9.O-O d6 10.Bg5 Be7 11.Bxe7 Nxe7 12.Nd2 O-O 13.Qh5 Qd7 14.Rae1 f5 15.exf5 exf5
16.Qe2 Ng6 17.Qe6+ Qxe6 18.Rxe6 Rad8 19.f4 Rfe8 20.Rxe8+ Rxe8 21.g3 b4 22.Na4 Re2
23.Rf2 Re1+ 24.Nf1 Ne7 25.Rd2 Nc6 26.Kf2 Rc1 27.c3 Na5 28.Ne3 Nxb3 29.Re2 g6
30.Nc4 Bc6 31.Nab6 bxc3 32.bxc3 Rxc3 33.Nc8 Bb5 34.N4xd6 Rxd3 35.Re7 c4 36.Rf7 Rd2+
37.Ke1 c3 38.Ne7+ Kh8 39.Rf8+ Kg7 40.Rf7+ Kh8 41.Rf8+ Kg7 42.Rf7+ Kh8  1/2-1/2

[Event "41st Festival MTO"]
[Site "Biel SUI"]
[Date "2008.07.25"]
[Round "5"]
[White "Cherniaev,A1"]
[Black "Illijin,N"]
[Result "1-0"]
[WhiteElo "2431"]
[BlackElo "2277"]

1.e4 c5 2.Nc3 Nc6 3.Bb5 e6 4.Bxc6 bxc6 5.f4 d5 6.d3 dxe4 7.Nxe4 Nf6 8.Qe2 Be7
9.Nf3 Ba6 10.c4 O-O 11.O-O Qc7 12.Be3 Nd7 13.Qf2 Rab8 14.b3 Rbd8 15.Rad1 f5
16.Nxc5 Bxc5 17.Bxc5 Nxc5 18.Qxc5 Qxf4 19.Qxa7 Bc8 20.Qc5 Qd6 21.Qxd6 Rxd6
22.b4 Bb7 23.a4 Ra8 24.a5 c5 25.bxc5 Rc6 26.Rb1 Rc7 27.Nd4 Rxa5 28.Nxe6 Re7
29.Nd8 Re2 30.Rf2 Rxf2 31.Kxf2 Ra2+ 32.Ke3 Bxg2 33.c6 g5 34.Rb8 f4+ 35.Kd4 Bxc6
36.Nxc6+ Kg7 37.Rb7+ Kh6 38.Ne5  1-0

[Event "XXVI Andorra Open"]
[Site "La Massana AND"]
[Date "2008.07.25"]
[Round "7"]
[White "Ibarra Jerez,JC"]
[Black "Estremera Panos,S"]
[Result "1-0"]
[WhiteElo "2496"]
[BlackElo "2394"]

1.e4 c5 2.Nf3 Nc6 3.Nc3 d6 4.d4 cxd4 5.Nxd4 Nf6 6.Bg5 e6 7.Qd2 Be7 8.O-O-O O-O
9.h4 a6 10.f3 Nxd4 11.Qxd4 Qc7 12.Qd2 b5 13.Kb1 b4 14.Ne2 Rb8 15.g4 Rd8 16.c4 bxc3
17.Nxc3 Bd7 18.Be3 Bc6 19.g5 Nd7 20.h5 Nc5 21.Bd4 d5 22.e5 Rb4 23.Qe3 Be8
24.Rc1 Rdb8 25.Rh2 Qb7 26.Rcc2 Na4 27.Nxa4 Bxa4 28.Rc1 Be8 29.Bh3 Bxg5 30.Qxg5 Rxd4
31.h6 f5 32.exf6 Bg6+ 33.Qxg6  1-0

[Event "ZMD Open"]
[Site "Dresden GER"]
[Date "2008.07.26"]
[Round "8"]
[White "Fedorchuk,S"]
[Black "Zozulia,A"]
[Result "1/2-1/2"]
[WhiteElo "2624"]
[BlackElo "2346"]

1.e4 c5 2.Nf3 Nc6 3.Nc3 d6 4.d4 cxd4 5.Nxd4 e5 6.Nf3 Be7 7.Bc4 Nf6 8.Bg5 O-O
9.O-O Be6 10.Bb3 Rc8 11.Bxf6 Bxf6 12.Nd5 Bxd5 13.Qxd5 Be7 14.Rfd1 Qb6 15.Qd3 Na5
16.Nd2 a6 17.Rab1 Nxb3 18.cxb3 Rc6 19.Nc4 Qc5 20.Ne3 Rfc8 21.Nd5 Bf8 22.g3 b5
23.Kg2 Qa7 24.Qf3 a5 25.Nc3 Qb7 26.Rd5 Rc5 27.Rd3 g6 28.h4 b4 29.Nd5 Rc1
30.Rxc1 Rxc1 31.Ne3 Qc6 32.h5 Re1 33.Rd2 Rc1 34.Nc4 a4 35.Rd5 axb3 36.axb3 Re1
37.Kh2 Qa6 38.h6 Rc1 39.Qf6 Qa7 40.Rxd6 Rc2 41.Kg2 Qe7 42.Qxe7 Bxe7 43.Rd7 Bg5
44.Nxe5 Bxh6 45.Nxf7 Be3 46.Kf3 Rxf2+ 47.Kxe3 Rxf7 48.Rd8+ Kg7 49.Rb8 g5
50.e5 g4 51.Rxb4 Rf3+ 52.Ke4 Rxg3 53.Kf4 Rg1 54.Kg5 h6+ 55.Kh4 Kf7 56.Rxg4 Rh1+
57.Kg3 Rb1 58.Rb4 Ke6 59.Kf4 Rf1+ 60.Ke4 Re1+ 61.Kd4 Rd1+ 62.Kc5 Rd5+ 63.Kc6 Rd3
64.Rb8 Kxe5 65.b4 Rb3 66.b5 Kf4 67.Rh8 Rxb2 68.Rxh6 Rc2+ 69.Kd7 Ke5 70.b6 Rb2
71.Kc7 Rg2 72.b7  1/2-1/2

[Event "Politiken Cup"]
[Site "Helsingor DEN"]
[Date "2008.07.26"]
[Round "9"]
[White "Hedman,E"]
[Black "Kogan,Ar"]
[Result "0-1"]
[WhiteElo "2363"]
[BlackElo "2569"]

1.e4 c5 2.Nc3 Nc6 3.Bb5 d6 4.Bxc6+ bxc6 5.f4 g6 6.Nf3 Bg7 7.d3 Nh6 8.O-O c4
9.d4 Qb6 10.h3 d5 11.e5 Nf5 12.g4 Ng3 13.Re1 h5 14.Kg2 hxg4 15.hxg4 Ne4 16.Nxe4 dxe4
17.Ng5 Rh4 18.e6 Bxe6 19.Nxe6 fxe6 20.Kg3 Rh7 21.c3 Kf7 22.Rh1 Rah8 23.Rxh7 Rxh7
24.Qf1 c5 25.Qxc4 cxd4 26.f5 gxf5 27.gxf5 Be5+  0-1

[Event "XXVI Andorra Open"]
[Site "La Massana AND"]
[Date "2008.07.26"]
[Round "8"]
[White "De la Villa Garcia,J"]
[Black "Berkovich,M"]
[Result "1/2-1/2"]
[WhiteElo "2458"]
[BlackElo "2396"]

1.e4 c5 2.Nf3 Nc6 3.Nc3 g6 4.d4 cxd4 5.Nxd4 Bg7 6.Be3 Nf6 7.Bc4 O-O 8.Bb3 e6
9.O-O d5 10.exd5 exd5 11.h3 Be6 12.Qd2 Qd7 13.Rad1 Rfe8 14.Rfe1 Bxh3 15.Nxc6 Bxg2
16.Kxg2 Qg4+ 17.Kh1 Qh3+ 18.Kg1 Qg4+ 19.Kh1 Qh3+ 20.Kg1  1/2-1/2